000 00514nam a22001817a 4500
005 20260515115042.0
008 240926b |||||||| |||| 00| 0 eng d
020 _a9789358892338
040 _aIN-DiNC
_cIN-DiNC
041 _deng
082 _a030
_bUPS
245 _aUPSC 2024-IAS prelims 29 years (chapterwise-topicwise) solved papers (1995-2023)/
_cn.a.
260 _aNew Delhi:
_bArihant,
_cn.a.
300 _a540+246+47p.
650 _aPaper1- General studies
650 _aPaper2- CSAT
942 _2ddc
_cBK
999 _c11969
_d11969